Statystyki dla Państwa ETS 2

Kliknij tutaj aby rozwiązać quiz!

Ogólne statystyki

  • Ten quiz został rozwiązany 116 razy
    (18 od ostatniego zresetowania)
  • Średni wynik to 35 z 39

Statystyki odpowiedzi

Podstawowe% Poprawnych
Finlandia
100%
Francja
100%
Francja
100%
Hiszpania
100%
Niemcy
100%
Polska
100%
Polska
100%
Portugalia
100%
Rosja
100%
Rumunia
100%
Serbia
100%
Szwecja
100%
Włochy
100%
Włochy
100%
Bulgaria
92%
Chorwacja
92%
Czechy
92%
Czechy
92%
Dania
92%
Estonia
92%
Holandia
92%
Litwa
92%
Łotwa
92%
Norwegia
92%
Słowacja
92%
Slowacja
92%
Słowenia
92%
Węgry
92%
Wielka brytania
92%
Austria
85%
Belgia
85%
Czarnogóra
85%
Albania
77%
Kosowo
77%
Szwajcaria
77%
Turcja
77%
Bośnia i Hercegowina
69%
Macedonia Północna
69%
Luksemburg
62%

Rozkład punktacji

Percentyl według liczby udzielonych odpowiedzi

Procent ludzi z każdym wynikiem

Twoja historia wyników

Nie rozwiązałeś tego quizu od ostatniego zresetowania